| 000 | 00878cam a2200337Ia 4500 | ||
|---|---|---|---|
| 001 | 6089139 | ||
| 003 | OSt | ||
| 005 | 20140423154119.0 | ||
| 008 | 810715s1894 nyua j 000 1 eng d | ||
| 020 | _a0195852931 | ||
| 035 | _a(OCoLC)ocm07584966 | ||
| 035 | _a(NNC)6089139 | ||
| 035 | _a(OCoLC)7584966 | ||
| 040 |
_aVPI _cVPI _dOCL _dOCLCQ _dOCL _dZCU |
||
| 050 |
_aPZ 7 _b.K57 1993 |
||
| 082 |
_aKF _bK62j 1993 |
||
| 100 | 1 |
_aKipling, Rudyard _d1865-1936. _92992 |
|
| 245 | 1 | 4 |
_aThe jungle book / _cRudyard Kipling. |
| 260 |
_bOxford University Press Ltd. : _c1993. _aHong Kong, |
||
| 300 |
_a73 p. : _bill. : (some col.) ; _c20 cm. |
||
| 562 | _e5 | ||
| 600 |
_aKipling, Rudyard _92818 |
||
| 650 | 0 |
_aAnimals _vFolklore. _92993 |
|
| 942 |
_2lcc _cBK |
||
| 999 |
_c115465 _d115465 |
||